Nations that Maintained Relations with the United States - Statistics

General Stats
  • This quiz has been taken 33 times
  • The average score is 25 of 30
Answer Stats
Date Continent with Most Land in Country % Correct
6 August, 1778 Europe France
100%
20 February, 1783 Europe Spain
100%
1 June, 1785 Europe United Kingdom
100%
14 July, 1809 Asia Russia
97%
12 December, 1822 North America Mexico
94%
27 December, 1823 South America Argentina
90%
26 May, 1824 South America Brazil
90%
19 April, 1782 Europe Netherlands
90%
29 April, 1818 Europe Sweden
90%
23 April, 1824 South America Chile
87%
19 June, 1822 South America Colombia
87%
12 October, 1801 Europe Denmark
87%
1 October, 1862 North America Haiti
87%
29 July, 1858 Asia Japan
87%
13 May, 1791 Europe Portugal
87%
3 January, 1849 South America Bolivia
84%
24 March, 1851 North America Costa Rica
84%
12 August, 1848 South America Ecuador
84%
4 August, 1824 North America Guatemala
84%
19 April, 1853 North America Honduras
84%
26 November, 1861 South America Paraguay
84%
21 May, 1827 South America Peru
84%
30 June, 1835 South America Venezuela
84%
2 October, 1867 South America Uruguay
81%
11 April, 1861 Europe Italy
77%
4 August, 1824 North America Nicaragua
77%
6 January, 1832 Europe Belgium
74%
15 June, 1863 North America El Salvador
71%
29 June, 1853 Europe Switzerland
71%
23 February, 1864 Africa Liberia
48%
No matching quizzes found
Score Distribution
Percent of People with Each Score
Percentile by Number Answered
Your Score History
You have not taken this quiz